| Tag |
First Indicator |
Second Indicator |
Subfields |
| LEADER |
00000cam a2200000 a 4500 |
| 001 |
in00000773313 |
| 005 |
20151017060856.0 |
| 008 |
881215c19881967enkabcf b 00110 eng |
| 035 |
|
|
|a (OCoLC)18904861
|
| 035 |
|
|
|9 ADM4979AM
|
| 040 |
|
|
|a DLC
|c NIM
|d TXA
|d UtOrBLW
|
| 043 |
|
|
|a a-ja---
|
| 049 |
|
|
|a TXAM
|c [A12339624]
|
| 050 |
|
4 |
|a DS881.8
|b .B3 1988
|
| 100 |
1 |
|
|a Barr, Pat,
|d 1934-
|
| 245 |
1 |
4 |
|a The coming of the barbarians :
|b a story of Western settlement in Japan 1853-1870 /
|c Pat Barr.
|
| 264 |
|
1 |
|a Harmondsworth, Middlesex :
|b Penguin,
|c 1988c
|
| 264 |
|
4 |
|c ©1967
|
| 300 |
|
|
|a 236 pages, 16 unnumbered pages of plates :
|b illustrations, map, portraits ;
|c 20 cm.
|
| 336 |
|
|
|a text
|b txt
|2 rdacontent
|
| 337 |
|
|
|a unmediated
|b n
|2 rdamedia
|
| 338 |
|
|
|a volume
|b nc
|2 rdacarrier
|
| 490 |
1 |
|
|a Penguin travel library
|
| 504 |
|
|
|a Bibliography: 229-230.
|
| 500 |
|
|
|a Includes index.
|
| 651 |
|
0 |
|a Japan
|x Foreign relations
|y To 1868.
|
| 650 |
|
0 |
|a Americans
|z Japan.
|
| 650 |
|
0 |
|a British
|z Japan.
|
| 830 |
|
0 |
|a Penguin travel library.
|
| 999 |
|
|
|a MARS
|
| 999 |
f |
f |
|s e8b831dc-f358-39df-b53b-7febdfc9b8c3
|i f75ae7a8-e23e-3a8c-80d5-e54e7797398e
|t 0
|
| 952 |
f |
f |
|p normal
|a Texas A&M University
|b College Station
|c Sterling C. Evans Library
|d Evans: Library Stacks
|t 0
|e DS881.8 .B3 1988
|h Library of Congress classification
|i unmediated -- volume
|m A14812339624
|
| 998 |
f |
f |
|a DS881.8 .B3 1988
|t 0
|l Evans: Library Stacks
|